Statistiken für Länder, die USA am Nächsten Liegen von Kontinent

Klicken Sie hier um das Quiz zu spielen!

Allgemein

  • Dieses Quiz wurde 440 mal gespielt
  • Das Durchschnittsergebnis liegt bei 25 aus 30

Antwortstatistiken

KontinentAbstandLand% Korrekt
Nordamerika0 KmKanada
100%
Nordamerika0 KmMexiko
100%
Südamerika1804 KmVenezuela
93%
Europa4112 KmVereinigtes Königreich
93%
Europa4046 KmIrland
92%
Europa3261 KmIsland
92%
Asien4 KmRussland
92%
Südamerika2829 KmBrasilien
91%
Südamerika1695 KmKolumbien
91%
Nordamerika150 KmKuba
91%
Europa2980 KmPortugal
91%
Europa4530 KmSpanien
91%
Asien2198 KmJapan
90%
Afrika5087 KmMarokko
90%
Asien2678 KmChina
88%
Südamerika2826 KmPeru
88%
Südamerika2594 KmEcuador
85%
Asien3701 KmSüdkorea
83%
Nordamerika171 KmBahamas
82%
Asien3286 KmNordkorea
81%
Afrika5272 KmMauretanien
77%
Nordamerika758 KmJamaika
74%
Afrika5679 KmSenegal
74%
Afrika5377 KmAlgerien
69%
Ozeanien1666 KmKiribati
68%
Afrika4947 KmCabo Verde
67%
Ozeanien4038 KmSamoa
64%
Ozeanien3999 KmTuvalu
64%
Ozeanien3423 KmMarshallinseln
63%
Ozeanien4345 KmNauru
60%

Verteilung der Resultate

Perzentil nach korrekt beantworteten Fragen

Anzahl Personen mit jedem Resultat

Ihre Resultats-Entwicklung

Sie haben dieses Quiz noch nicht gespielt